Manual de cálculo financiero /

Guardado en:
Autor Principal: Murioni, Oscar
Otros Autores: Trossero, Angel A.
Formato: Libro
Publicado: Buenos Aires : Macchi, 1999
Edición:2a. ed.
Materias:
Etiquetas: Agregar Etiqueta
Sin Etiquetas, Sea el primero en etiquetar este registro!
LEADER 00716nam a22002175a 4500
001 CEM.cems010563
005 20080508134457.0
008 130507s1999##################000#0#####d
003 CEMS
020 |a 9505372221 
082 0 4 |a 511.8 
100 1 |a Murioni, Oscar 
245 1 0 |a Manual de cálculo financiero /  |c Oscar Murioni, Angel A. Trossero 
250 |a 2a. ed. 
260 |a Buenos Aires :  |b Macchi,  |c 1999 
300 |a 536 p. 
505 0 |a Operaciones financieras -- Operaciones financieras simples -- Operaciones complejas -- Constitución de capitales 
653 |a Matemática 
653 |a Matemática financiera 
700 1 |a Trossero, Angel A. 
859 |a CEMS  |b BIB. CEMS - 11 de abril  |h 511.8  |i M947a2  |p 21079.01  |t Ej.1